World resources 2002-2004 database : Decisions for the earth : balance, voice and power

שמור ב:
מידע ביבליוגרפי
פורמט: ספר
שפה:Undetermined
יצא לאור: Washington, D.C World resources institute 2002
נושאים:
תגים: הוספת תג
אין תגיות, היה/י הראשונ/ה לתייג את הרשומה!
Thư viện lưu trữ: Trung tâm Học liệu Trường Đại học Cần Thơ
LEADER 00559nam a2200181Ia 4500
001 CTU_65513
008 210402s9999 xx 000 0 und d
082 |a 333.7 
082 |b W927 
245 0 |a World resources 2002-2004 database : 
245 0 |b Decisions for the earth : balance, voice and power 
245 0 |c United Nations Development Programme 
260 |a Washington, D.C 
260 |b World resources institute 
260 |c 2002 
650 |x Citizen participation 
904 |i Tuyến 
980 |a Trung tâm Học liệu Trường Đại học Cần Thơ